Ideas para una filosofía de la historia de la humanidad

Wedi'i Gadw mewn:
Manylion Llyfryddiaeth
Prif Awdur: Herder
Fformat: Llyfr
Iaith:Undetermined
Cyhoeddwyd: Buenos Aires, Argentina Losada 1959
Pynciau:
Tagiau: Ychwanegu Tag
Dim Tagiau, Byddwch y cyntaf i dagio'r cofnod hwn!

MARC

LEADER 00000nam a2200000Ia 4500
008 170316s9999 xx 000 0 und d
090 |a 100 H-21i 
100 |a Herder 
245 |a Ideas para una filosofía de la historia de la humanidad 
260 |a Buenos Aires, Argentina 
260 |b Losada 
260 |c 1959 
300 |a 701 páginas 
650 |a FILOSOFÍA SOCIAL 
999 |c 16461  |d 16461 
040 |a cru BVZT 
942 |c 15 D  |h 100 H-21i  |2 z